01157nam a2200193Ia 4500001001000000003001000010008004100020040002500061041001300086100004200099245002100141250001100162260009200173300002800265500026000293501011400553520026000667650003600927L208-2914IT-CnALBA170116s9999||||xx |||||||||||||| ||und|| aIT-CnALBAcIT-CnALBA aITALIANO aBERNARDO DI CHIARAVALLE ABATE E SANTO 0aLETTERE SCELTE.  a1a ed. aCINISELLO BALSAMO (MI)bEDIZIONI PAOLINEc1953 [1° Ed.:1953 - Ed.Ling.Originale: 1953] a274 p. (prefazione: 14) aTRADUZIONE DI BIGNOLI C. LETTERA ENCICLICA DOCTOR MELLIFLUUS DI PIO XII. AL NIPOTE ROBERTO. ALL'ABATE DI NICOSIO. AL MONACO DROGONE. A FULCONE ARCIDIACONO. AD ARNOLDO ABATE. A UGO CONTE DI CAMPANIA. AL MONACO ADAMO. A BRUNO DI COLONIA. A GUIDONE PRIORE. A aSocietà San Paolo EM - Piazza San Paolo, 14 - 12051 ALBA (CN) (non commercial uses only) ® Copyright 2017 aTRADUZIONE DI BIGNOLI C. LETTERA ENCICLICA DOCTOR MELLIFLUUS DI PIO XII. AL NIPOTE ROBERTO. ALL'ABATE DI NICOSIO. AL MONACO DROGONE. A FULCONE ARCIDIACONO. AD ARNOLDO ABATE. A UGO CONTE DI CAMPANIA. AL MONACO ADAMO. A BRUNO DI COLONIA. A GUIDONE PRIORE. A aPADRI E SCRITTORI ECCLESIASTICI